Statistical physics (Record no. 3992)
[ view plain ]
| 000 -LEADER | |
|---|---|
| fixed length control field | 00473nam a2200181Ia 4500 |
| 003 - CONTROL NUMBER IDENTIFIER | |
| control field | IN-BaIIA |
| 008 - FIXED-LENGTH DATA ELEMENTS--GENERAL INFORMATION | |
| fixed length control field | 211028s9999 xx 000 0 eng d |
| 040 ## - CATALOGING SOURCE | |
| Transcribing agency | IIA Library |
| 080 ## - UNIVERSAL DECIMAL CLASSIFICATION NUMBER | |
| Universal Decimal Classification number | 530.1 |
| Item number | REI |
| 100 ## - MAIN ENTRY--PERSONAL NAME | |
| Personal name | Reif, F |
| 9 (RLIN) | 7056 |
| 245 #0 - TITLE STATEMENT | |
| Title | Statistical physics |
| Statement of responsibility, etc. | F. Reif |
| 260 ## - PUBLICATION, DISTRIBUTION, ETC. | |
| Place of publication, distribution, etc. | New York |
| Name of publisher, distributor, etc. | McGraw-Hill |
| Date of publication, distribution, etc. | 1967 |
| 300 ## - PHYSICAL DESCRIPTION | |
| Extent | xxi, 398p. |
| 490 ## - SERIES STATEMENT | |
| Series statement | Berkeley physics course; v. 5 |
| 650 ## - SUBJECT ADDED ENTRY--TOPICAL TERM | |
| Topical term or geographic name entry element | Applied Physics |
| 9 (RLIN) | 7057 |
| 650 ## - SUBJECT ADDED ENTRY--TOPICAL TERM | |
| Topical term or geographic name entry element | Statistical physics |
| 9 (RLIN) | 4158 |
| 942 ## - ADDED ENTRY ELEMENTS (KOHA) | |
| Koha item type | Books |
| Withdrawn status | Lost status | Damaged status | Not for loan | Home library | Current library | Shelving location | Date acquired | Cost, normal purchase price | Total Checkouts | Full call number | Barcode | Date last seen | Cost, replacement price | Price effective from | Koha item type | Purchase Price |
|---|---|---|---|---|---|---|---|---|---|---|---|---|---|---|---|---|
| IIA Library-Bangalore | IIA Library-Bangalore | General Stacks | 10/08/1972 | 46.91 | 530.1/ REI | 4454 | 05/11/2021 | 46.91 | 10/08/1972 | Books | Rs. 46.91 |